| 000 | 00394nam a2200169Ia 4500 | ||
|---|---|---|---|
| 008 | 221030s9999 xx 000 0 und d | ||
| 020 | _a00473390 | ||
| 041 | _aEnglish | ||
| 082 |
_a105.23 _bBal |
||
| 100 | _aE. Balagurusamy | ||
| 245 | 0 |
_aProgramming in C # _cby E. Balagurusamy |
|
| 250 | _a3rd | ||
| 260 |
_bTMH _aNew Delhi _c2002 |
||
| 300 | _a317 | ||
| 650 | _aBE Computer | ||
| 942 | _cBK | ||
| 999 |
_c3335 _d3335 |
||